|
|
|
|
| LEADER |
00000cam a2200000 7i4500 |
| 001 |
0000086234 |
| 005 |
20210218.0 |
| 008 |
210106 |
| 020 |
|
|
|a 9789838671446
|
| 041 |
0 |
|
|a Malay
|
| 090 |
0 |
0 |
|a 297.2
|b ASA
|
| 245 |
1 |
0 |
|a Asas 'aqidah Islam
|
| 260 |
|
|
|a Kelantan :
|b Pustaka Aman Press Sdn. Bhd. ,
|c 2020
|
| 300 |
|
|
|a 314 p. ;
|c 21.5 cm.
|
| 541 |
0 |
0 |
|c Purchased on 2020
|f 2020/09 EKM
|h RM25.00
|
| 650 |
|
0 |
|a Faith
|x Islam
|
| 700 |
0 |
|
|a Abdul Aziz Omar Ahmad
|
| 999 |
|
|
|a 000164904
|b Book
|c Adult Collection
|e Cawangan Batu Pahat
|
| 999 |
|
|
|a 0001649462
|b Book
|c Adult Collection
|e Cawangan Mersing
|
| 999 |
|
|
|a 0001649463
|b Book
|c Adult Collection
|e Cawangan Bukit Gambir
|
| 999 |
|
|
|a 0001649465
|b Book
|c Adult Collection
|e Cawangan Kota Tinggi
|
| 999 |
|
|
|a 0001649466
|b Book
|c Adult Collection
|e Cawangan Pontian
|
| 999 |
|
|
|a 0001649467
|b Book
|c Adult Collection
|e Cawangan Taman Sri Lambak
|
| 999 |
|
|
|a 0001649468
|b Book
|c Adult Collection
|e Cawangan Bandar Tenggara
|
| 999 |
|
|
|a 0001649469
|b Book
|c Adult Collection
|e Cawangan Tangkak
|
| 999 |
|
|
|a 0001649471
|b Book
|c Adult Collection
|e Cawangan Tmn. Ungku Tun Aminah
|
| 999 |
|
|
|a 0001649472
|b Book
|c Adult Collection
|e Cawangan Segamat
|
| 999 |
|
|
|a 0001649473
|b Book
|c Adult Collection
|e Cawangan Muar
|
| 999 |
|
|
|a 0001649474
|b Book
|c Adult Collection
|e Cawangan Bandar Penawar
|
| 999 |
|
|
|a 0001650579
|b Book
|c Adult Collection
|e Perbadanan Perpustakaan Awam Johor
|
| 999 |
|
|
|a 0001650580
|b Book
|c Adult Collection
|e Cawangan Urban Transformation Centre
|
| 999 |
|
|
|a 0001650581
|b Book
|c Adult Collection
|e Cawangan AEON Kulaijaya
|